Boletín Informativo /
Guardat en:
| Autor corporatiu: | |
|---|---|
| Format: | Llibre |
| Idioma: | Spanish |
| Publicat: |
El Salvador:
Comisión de Derechos Humanos en El Salvador,
1980-
|
| Matèries: | |
| Etiquetes: |
Afegir etiqueta
Sense etiquetes, Sigues el primer a etiquetar aquest registre!
|
MARC
| LEADER | 00000nam a22000007a 4500 | ||
|---|---|---|---|
| 003 | cru IIS | ||
| 005 | 20220404115502.0 | ||
| 008 | 220404s1980 ho ||p|r|||| 00| 0 spa d | ||
| 040 | |c cru IIS | ||
| 090 | |a REV0114 | ||
| 110 | 2 | |9 10365 |a Comisión de Derechos Humanos (El Salvador) | |
| 245 | 1 | |a Boletín Informativo / |c Comisión de Derechos Humanos en El Salvador | |
| 260 | |a El Salvador: |b Comisión de Derechos Humanos en El Salvador, |c 1980- | ||
| 270 | |a Ave. España 928 |d El Salvador | ||
| 500 | |a PERIODICIDAD: Irregular EXISTENCIAS : 1980 (1-3) 1981 (4, 7-10) 1982 (11) 1983 (25, 31) 1984 2 (8) | ||
| 500 | |a Colección Centroamérica | ||
| 650 | 0 | |9 38 |a DERECHOS HUMANOS | |
| 650 | 0 | |9 133 |a VIOLENCIA | |
| 650 | 4 | |9 3217 |a PROBLEMAS POLITICOS | |
| 650 | 0 | |9 7386 |a VIOLACION A LOS DERECHOS HUMANOS | |
| 651 | 4 | |9 1928 |a EL SALVADOR | |
| 651 | 0 | |9 308 |a CENTROAMERICA | |
| 942 | |2 ddc |c PP | ||
| 999 | |c 44173 |d 44173 | ||
